Statistics for England European Championships squads 1968-2021

Click here to take the quiz!

General Stats

  • This quiz has been taken 847 times
    (619 since last reset)
  • The average score is 90 of 172

Answer Stats

Answer% Correct
Harry Kane
97%
Jordan Pickford
91%
Kyle Walker
90%
Des Walker
89%
Ian Walker
89%
Raheem Sterling
87%
Wayne Rooney
87%
Ashley Cole
86%
David James
86%
Gary Neville
86%
Joe Cole
86%
Joe Hart
86%
Phil Neville
86%
Reece James
86%
David Beckham
85%
Steven Gerrard
85%
John Terry
84%
Jordan Henderson
84%
Paul Scholes
84%
Steve Stone
84%
Frank Lampard
83%
Harry Maguire
82%
Luke Shaw
82%
David Seaman
81%
Les Ferdinand
81%
Marcus Rashford
81%
Michael Owen
81%
Alan Shearer
80%
Bobby Charlton
79%
Jack Charlton
79%
John Stones
77%
Declan Rice
76%
Jack Grealish
76%
David Johnson
75%
Gary Lineker
75%
Glen Johnson
75%
Kieran Trippier
74%
Mark Wright
72%
Richard Wright
72%
Tommy Wright
72%
Bukayo Saka
71%
Gordon Banks
71%
Kalvin Phillips
71%
Kevin Phillips
71%
Phil Jones
71%
Mason Mount
70%
Bobby Moore
69%
Jamie Vardy
69%
Phil Foden
69%
Peter Shilton
68%
Sol Campbell
68%
Teddy Sheringham
68%
Tony Adams
68%
Colin Bell
67%
Paul Gascoigne
65%
Ashley Young
64%
Gareth Southgate
62%
Gary Cahill
62%
Jadon Sancho
62%
Jude Bellingham
62%
Paul Ince
62%
Robbie Fowler
61%
Ben White
59%
Emile Heskey
59%
James Milner
59%
Steve McManaman
59%
Eric Dier
58%
Stuart Pearce
58%
Theo Walcott
58%
Alan Smith
57%
Danny Rose
57%
Geoff Hurst
57%
Owen Hargreaves
56%
Aaron Ramsdale
55%
Martin Keown
55%
Nicky Butt
55%
Chris Smalling
54%
Leighton Baines
54%
Rob Green
54%
David Platt
53%
John Barnes
53%
Wayne Bridge
53%
Conor Coady
52%
Daniel Sturridge
52%
Darren Anderton
52%
Dele Alli
52%
Jermain Defoe
52%
Bryan Robson
51%
Paul Robinson
51%
Ben Chilwell
50%
Fraser Forster
50%
Ledley King
50%
Jamie Carragher
49%
Alex Oxlade-Chamberlain
48%
Danny Welbeck
48%
Gareth Barry
48%
Kevin Keegan
48%
Darius Vassell
47%
Phil Jagielka
47%
Ray Wilson
47%
Andy Carroll
45%
Chris Waddle
45%
Jack Butland
45%
Jack Wilshere
45%
Tyrone Mings
45%
Dominic Calvert-Lewin
44%
Nobby Stiles
44%
Roger Hunt
44%
Scott Parker
44%
Ray Clemence
43%
Adam Lallana
42%
Alan Ball
42%
Martin Peters
42%
Peter Beardsley
42%
Viv Anderson
42%
Jimmy Greaves
41%
Sam Johnstone
41%
Chris Woods
39%
Glenn Hoddle
39%
Nigel Martyn
39%
Trevor Steven
39%
Jamie Redknapp
38%
David Batty
37%
Joleon Lescott
37%
Ray Wilkins
37%
Ross Barkley
36%
Gary Stevens
34%
Kenny Sansom
34%
Kieron Dyer
34%
Paul Merson
34%
Tim Flowers
34%
Carlton Palmer
32%
Emlyn Hughes
32%
Phil Neal
32%
Stewart Downing
32%
Martin Kelly
30%
Mick Mills
30%
Neil Webb
30%
Nick Barmby
30%
Peter Thompson
30%
Phil Thompson
30%
Dennis Wise
29%
Nathaniel Clyne
28%
Ryan Bertrand
28%
Trevor Brooking
28%
Tom Heaton
27%
Dave Watson
26%
Norman Hunter
26%
Paul Mariner
26%
Alan Mullery
25%
Nigel Clough
24%
Peter Reid
24%
Keith Curle
23%
Steve McMahon
23%
Tony Dorigo
23%
Mark Hateley
22%
Steve Howey
22%
Tony Woodcock
22%
Steve Coppell
21%
Andy Sinton
20%
Keith Newton
20%
Brian Labone
19%
Terry McDermott
18%
Tony Daley
18%
Gordon West
17%
Joe Corrigan
17%
Ray Kennedy
17%
Alex Stepney
16%
Garry Birtles
15%
Mike Summerbee
13%
Trevor Cherry
13%
Cyril Knowles
12%

Score Distribution

Percentile by Number Answered

Percent of People with Each Score

Your Score History

You have not taken this quiz since the last reset